The construction of social reality
In The Construction of Social Reality, John Searle argues that there are two kinds of facts--some that are independent of human observers, and some that require human agreement
محفوظ في:
| المؤلف الرئيسي: | |
|---|---|
| التنسيق: | كتاب |
| اللغة: | Undetermined |
| منشور في: |
New York
The Fres press
1995
|
| الموضوعات: | |
| الوسوم: |
إضافة وسم
لا توجد وسوم, كن أول من يضع وسما على هذه التسجيلة!
|
| Thư viện lưu trữ: | Trung tâm Học liệu Trường Đại học Cần Thơ |
|---|
| LEADER | 00686nam a2200193Ia 4500 | ||
|---|---|---|---|
| 001 | CTU_108832 | ||
| 008 | 210402s9999 xx 000 0 und d | ||
| 082 | |a 121 | ||
| 082 | |b S439 | ||
| 100 | |a Searle, John R. | ||
| 245 | 4 | |a The construction of social reality | |
| 245 | 0 | |c John R. Searle | |
| 260 | |a New York | ||
| 260 | |b The Fres press | ||
| 260 | |c 1995 | ||
| 520 | |a In The Construction of Social Reality, John Searle argues that there are two kinds of facts--some that are independent of human observers, and some that require human agreement | ||
| 650 | |a Social epistemology,Philosophy of mind | ||
| 904 | |i Truc | ||
| 980 | |a Trung tâm Học liệu Trường Đại học Cần Thơ | ||